000 00272 a2200085 4500
020 _a9789354660290
100 _aSHAH, BIREN N  AND NAYAK, BHAVESH N
245 _aTEXTBOOK OF PHARMACEUTICAL INDUSTRIAL MANAGEMENT
260 _bC.B.S. PUBLISHERS & DISTRIBUTORS, NEWDELHI
_c2021
999 _c223968
_d223968